Homer : The Iliad (Record no. 9940)

MARC details
000 -LEADER
fixed length control field 00553cam a2200217ua 4500
008 - FIXED-LENGTH DATA ELEMENTS--GENERAL INFORMATION
fixed length control field 190802n ii |||gr||||Z||||||eng
020 ## - INTERNATIONAL STANDARD BOOK NUMBER
International Standard Book Number 9780140447941
040 ## - CATALOGING SOURCE
Transcribing agency MAIN
041 ## - LANGUAGE CODE
-- eng
082 ## - DEWEY DECIMAL CLASSIFICATION NUMBER
Classification number 880
245 ## - TITLE STATEMENT
Title Homer : The Iliad
Statement of responsibility, etc. Edited by Peter Jones
260 ## - PUBLICATION, DISTRIBUTION, ETC.
Place of publication, distribution, etc. New Delhi:
Name of publisher, distributor, etc. Penguin,
Date of publication, distribution, etc. 2003.
300 ## - PHYSICAL DESCRIPTION
Extent 474p.
700 ## - ADDED ENTRY--PERSONAL NAME
Personal name Peter Jones,
Relator term
700 ## - ADDED ENTRY--PERSONAL NAME
Personal name EV Rieu,
Relator term
700 ## - ADDED ENTRY--PERSONAL NAME
Personal name DCH Rieu,
Relator term
942 ## - ADDED ENTRY ELEMENTS (KOHA)
Koha item type Books
653 ## - INDEX TERM--UNCONTROLLED
Uncontrolled term Hellenic literatures classical Greek
653 ## - INDEX TERM--UNCONTROLLED
Uncontrolled term Greek literature
Holdings
Withdrawn status Lost status Damaged status Not for loan Home library Current library Shelving location Date acquired Total Checkouts Full call number Barcode Date last seen Date last checked out Copy number Price effective from Koha item type
        Central Library, Naharkatiya College Central Library, Naharkatiya College General Stacks 19/09/2020 5 880Greek literature | HOM 28110 07/12/2022 17/11/2022 1 19/09/2020 Books
        Central Library, Naharkatiya College Central Library, Naharkatiya College General Stacks 19/09/2020 4 880Greek literature | HOM 28111 07/12/2022 17/11/2022 2 19/09/2020 Books
        Central Library, Naharkatiya College Central Library, Naharkatiya College General Stacks 19/09/2020 3 880Greek literature | HOM 28112 11/10/2022 11/10/2022 3 19/09/2020 Books

Naharkatiya College © 2020. All rights reserved.

Powered By